[Event "Novi Sad ol (Men)"]
[Site "Novi Sad"]
[Date "1990.??.??"]
[Round "4"]
[White "Pyhala, Antti"]
[Black "Blatny, Pavel"]
[Result "1/2-1/2"]
[WhiteElo "2395"]
[BlackElo "2510"]

1.e4 e5 2.Nf3 Nc6 3.Bb5 a6 4.Ba4 Nf6 5.O-O Be7 6.Re1 b5 7.Bb3 O-O 8.c3 d6
9.d4 Bg4 10.a3 exd4 11.cxd4 d5 12.exd5 Nxd5 13.Nc3 Nf6 14.Be3 Bd6 15.h3 Bh5
16.g4 Bg6 17.Bg5 h6 18.Bh4 Be7 19.Ne5 Nxe5 20.dxe5 Nh7 21.Qxd8 Bxd8 22.Bg3 c5
23.Bd5 Ra7 24.f4 Bd3 25.Bf2 Rc7 26.Ne4 Bxe4 27.Bxe4 Be7 28.Red1 Rd8 29.Rxd8+ Bxd8
30.Rd1 Be7 31.f5 Nf8 32.Bg3 c4 33.e6 Rc5 34.Bf2 Re5 35.exf7+ Kxf7 36.Bd5+ Ke8
37.Kf1 Bf6 38.Bb7 Kf7 39.Bxa6 g6 40.fxg6+ Nxg6 41.a4 bxa4 42.Bxc4+ Kg7 43.Bd4 Re7
44.Bxf6+ Kxf6 45.Rd6+ Kg5 46.Kf2 Nf4 47.Kf3 Nxh3 48.Ra6 Ng1+ 49.Kg2 Re4 50.Be6 Ne2
51.Bd7 Rb4 52.Ra5+ Kf6 53.Rxa4 Rxb2 54.Kf3 Ng1+ 55.Kf4 Nh3+ 56.Kg3 Rb3+ 57.Kg2 Ng5
58.Ra8 Kg7 59.Bf5 Rb2+ 60.Kg3 Rb3+ 61.Kf4 Rb4+ 62.Ke3 Nf7  1/2-1/2

[Event "Novi Sad ol (Men)"]
[Site "Novi Sad"]
[Date "1990.??.??"]
[Round "10"]
[White "Blatny, Pavel"]
[Black "Georgiev, Krum"]
[Result "1/2-1/2"]
[WhiteElo "2510"]
[BlackElo "2470"]

1.d4 Nf6 2.Nf3 g6 3.Nc3 d5 4.Bf4 Bg7 5.e3 O-O 6.Be2 c6 7.h3 Nbd7 8.g4 Qb6
9.Rb1 Ne4 10.Nxe4 dxe4 11.Nd2 e5 12.Nc4 Qb4+ 13.c3 Qe7 14.dxe5 Nxe5 15.Qd6 Qxd6
16.Nxd6 Be6 17.c4 f5 18.gxf5 gxf5 19.Nxb7 Nxc4 20.Rg1 Kh8 21.Rc1 Nb6 22.b3 Nd5
23.Bd6 f4 24.Rxc6 fxe3 25.fxe3 Rfc8 26.Rxg7 Kxg7 27.Be5+ Kf7 28.Nd6+ Ke7
29.Nxc8+ Rxc8 30.Ra6 Nxe3 31.Rxa7+ Kf8 32.Kf2 Nf5 33.Bc7 Kg7 34.b4 Kg6 35.Ke1 Nd4
36.Kd2 Nc6 37.Rb7 Nxb4 38.a4 e3+ 39.Ke1 Nc2+ 40.Kd1 Nd4 41.Bd3+ Bf5 42.Ba6 Ra8
43.Rb6+ Kg5 44.Be5 e2+  1/2-1/2

[Event "Novi Sad ol (Men)"]
[Site "Novi Sad"]
[Date "1990.??.??"]
[Round "12"]
[White "Liang Jinrong"]
[Black "Blatny, Pavel"]
[Result "1/2-1/2"]
[WhiteElo "2445"]
[BlackElo "2510"]

1.e4 e5 2.Nf3 Nc6 3.Bb5 a6 4.Ba4 Nf6 5.O-O Be7 6.Re1 b5 7.Bb3 O-O 8.c3 d5
9.exd5 Nxd5 10.Nxe5 Nxe5 11.Rxe5 c6 12.d4 Bd6 13.Re1 Qh4 14.g3 Qh3 15.Be3 Bg4
16.Qd3 Rae8 17.Nd2 f5 18.Qf1 Qh5 19.f4 Kh8 20.Bxd5 cxd5 21.a4 bxa4 22.Rxa4 g5
23.Raa1 Re6 24.fxg5 Rfe8 25.Qf2 f4 26.gxf4 Bh3 27.Rxa6 Rxe3 28.Rxe3 Qg4+
29.Qg3 Qd1+ 30.Qe1 Qg4+ 31.Qg3 Qd1+ 32.Qe1  1/2-1/2

[Event "Tatran Cup"]
[Site "Stary Smokovec"]
[Date "1990.??.??"]
[Round "1"]
[White "Blatny, Pavel"]
[Black "Pavlovic, Milos"]
[Result "1/2-1/2"]
[WhiteElo "2510"]
[BlackElo "2465"]

1.d4 Nf6 2.Nf3 g6 3.Nbd2 Bg7 4.e4 d6 5.Bc4 O-O 6.O-O Nc6 7.Re1 Nd7 8.c3 e5
9.dxe5 Ndxe5 10.Nxe5 Nxe5 11.Bf1 Be6 12.f4 Nd7 13.Nf3 Re8 14.Be3 Nf6 15.Bf2 c6
16.Ng5 Bg4 17.Qb3 Qc7 18.e5 dxe5 19.fxe5 Nd5 20.c4 Nb6 21.Bg3 Qd8 22.Qe3 Nd7
23.Qf4 Be6 24.Rad1 h6 25.Nxe6 Rxe6 26.c5 Qe7 27.Bc4 Nxc5 28.Bxe6 Nxe6 29.Qe4 Re8
30.Rd6 Qc7 31.Rd2 h5 32.Red1 Qb6+ 33.Kh1 Qa5 34.b4 Qa4 35.h4 a5 36.Rb1 Bh6
37.Qc2 Qxc2 38.Rxc2 Nd4 39.Rc4 Nf5 40.Be1 axb4 41.Bxb4 Rxe5 42.Bc3 Re7 43.Ra4 Kh7
44.Ra8 Bg7 45.Bxg7 Kxg7 46.Ra7 Nd6 47.a4 Re2 48.a5  1/2-1/2

[Event "Tatran Cup"]
[Site "Stary Smokovec"]
[Date "1990.??.??"]
[Round "3"]
[White "Blatny, Pavel"]
[Black "Salai, Ladislav"]
[Result "1-0"]
[WhiteElo "2510"]
[BlackElo "2450"]

1.Nf3 f5 2.d3 d5 3.c4 e6 4.cxd5 exd5 5.g3 Nf6 6.Bg2 Bd6 7.O-O O-O 8.Nc3 c6
9.e4 fxe4 10.dxe4 dxe4 11.Ng5 Qe7 12.Ncxe4 Nxe4 13.Bxe4 Bf5 14.Re1 Qd7 15.Qb3+ Kh8
16.Rd1 Bg4 17.Bf4 Bxd1 18.Rxd1  1-0

[Event "Tatran Cup"]
[Site "Stary Smokovec"]
[Date "1990.??.??"]
[Round "8"]
[White "Blatny, Pavel"]
[Black "Cvetkovic, Srdjan"]
[Result "1-0"]
[WhiteElo "2510"]
[BlackElo "2430"]

1.d4 Nf6 2.Nf3 d5 3.Bf4 c5 4.e3 Nc6 5.c3 Qb6 6.Qb3 c4 7.Qc2 Bf5 8.Qc1 h6
9.Nbd2 Rc8 10.Be2 e6 11.O-O Qa5 12.Re1 b5 13.b4 Nxb4 14.cxb4 Bxb4 15.a3 Bc3
16.Ra2 Ke7 17.Rd1 Bxd2 18.Nxd2 b4 19.Qb2 b3 20.Nxb3 cxb3 21.Qxb3 Rhd8 22.Qb4+ Qxb4
23.axb4 Rc2 24.Rxc2 Bxc2 25.Ra1 Ra8 26.Bb5 Nd7 27.Bc6 Rc8 28.b5 Nb6 29.Rxa7+ Kf6
30.Bc7 Nc4 31.Bd7 Rh8 32.h3 Ke7 33.Bc6 Rc8 34.b6 Nd6 35.Bb8+  1-0

[Event "Tatran Cup"]
[Site "Stary Smokovec"]
[Date "1990.??.??"]
[Round "9"]
[White "Stohl, Igor"]
[Black "Blatny, Pavel"]
[Result "1-0"]
[WhiteElo "2525"]
[BlackElo "2510"]

1.d4 d5 2.c4 e6 3.Nc3 Nf6 4.Bg5 Bb4 5.e3 O-O 6.cxd5 Qxd5 7.Bxf6 gxf6 8.Ne2 Qa5
9.a3 Be7 10.Nf4 Kh8 11.Bd3 Nc6 12.h4 Nd8 13.b4 Qb6 14.Bxh7 e5 15.Bd3 Kg7
16.Nh5+ Kh6 17.Nd5 Qd6 18.Qf3 f5 19.Bxf5 Bxf5 20.Nxe7 Bg6 21.Nxg6 Qxg6 22.Ng3 exd4
23.Nf5+ Kh7 24.Nxd4 Ne6 25.h5 Qd3 26.Qf5+ Qxf5 27.Nxf5 Rad8 28.Rd1 Rg8 29.Rxd8 Rxd8
30.Ke2 Rd5 31.g4 a5 32.Rd1 Rb5 33.Nd4 Nxd4+ 34.Rxd4 c5 35.bxc5 Rxc5 36.Rd7 Kg7
37.Rxb7 Rc2+ 38.Kf3 Rc3 39.g5 Rxa3 40.g6 Rc3 41.Rxf7+ Kg8 42.h6 Rc8 43.Ra7  1-0

[Event "Tatran Cup"]
[Site "Stary Smokovec"]
[Date "1990.??.??"]
[Round "10"]
[White "Blatny, Pavel"]
[Black "Fominyh, Alexander"]
[Result "1-0"]
[WhiteElo "2510"]
[BlackElo "2530"]

1.e4 c5 2.c3 d5 3.exd5 Qxd5 4.d4 Nf6 5.Nf3 Bg4 6.Be2 cxd4 7.cxd4 e6 8.Nc3 Qd6
9.O-O Nc6 10.Be3 Be7 11.h3 Bh5 12.g4 Bg6 13.Ne5 Nd5 14.Nxd5 exd5 15.Bf4 O-O
16.Rc1 Qb4 17.Nxc6 bxc6 18.Qd2 Qb6 19.a3 a5 20.Rc3 Bf6 21.Rd1 h6 22.Bf3 Rfe8
23.Bg2 Re6 24.Re3 Rxe3 25.fxe3 Re8 26.Rc1 Be4 27.Bf1 Re6 28.Rc5 Bd8 29.Be2 Rg6
30.Rc1 h5 31.Kh2 hxg4 32.hxg4 Qb7 33.Rg1 Qe7 34.g5 Bc7 35.Bf1 Rh6+ 36.gxh6 Qh4+
37.Bh3 Bxf4+ 38.exf4 g6 39.Rg3 Bf5 40.Qe2 Qxh6 41.Kg2 Be4+ 42.Kh2 Qxf4 43.Qe3 Qb8
44.Qc3 Qf4 45.Kg1 Kg7 46.Bg2 f6 47.Qe3 Qf5 48.Rh3 g5 49.Qg3 Qd7 50.Qb8 Bh7
51.Qh2 Bg8 52.Re3 Qg4 53.Qc7+ Kg6 54.Qxc6 Qd1+ 55.Kh2 Qxd4 56.Qc2+ Kh6 57.Qf2 Kg6
58.Bh3 Bf7 59.Bf5+ Kg7 60.Kg1 Qc5 61.Rc3 Qe7 62.Qe3 Qd6 63.Rc8 Bh5 64.Qa7+ Bf7
65.Qc7  1-0

[Event "Tatran Cup"]
[Site "Stary Smokovec"]
[Date "1990.??.??"]
[Round "11"]
[White "Knezevic, Milorad"]
[Black "Blatny, Pavel"]
[Result "1/2-1/2"]
[WhiteElo "2445"]
[BlackElo "2510"]

1.d4 d5 2.Nf3 Nf6 3.c4 c6 4.e3 e6 5.Qc2 Be7 6.Be2 Nbd7 7.O-O O-O 8.Nc3 b6
9.b3 Bb7 10.Bb2 Rc8 11.Rac1  1/2-1/2

[Event "Altensteig"]
[Site "Altensteig"]
[Date "1991.??.??"]
[Round "1"]
[White "Muse, Mladen"]
[Black "Blatny, Pavel"]
[Result "1/2-1/2"]
[WhiteElo "2445"]
[BlackElo "2480"]

1.d4 Nf6 2.Nf3 d5 3.Bf4 e6 4.e3 Bd6 5.Bd3 Bxf4 6.exf4 Qd6 7.Qc1 b6 8.O-O O-O
9.Re1 Ba6 10.Ne5 c5 11.dxc5 bxc5 12.c4 Bb7 13.Nd2 Nc6 14.Ndf3 dxc4 15.Bxc4 Nd4
16.Nxd4 cxd4 17.Qd2 Rac8 18.b3 Ne4 19.Qd3 Nc5 20.Qg3 f6 21.Nd3 Bd5 22.Nb2 Rcd8
23.Rad1 Ne4 24.Qh4 Qa3 25.Bxd5 exd5 26.Nd3 Qxa2 27.Nb4 Qxb3 28.Nc6 Rde8 29.Nxd4 Qb4
30.Qh5 f5 31.Re3 g6 32.Qe2 a5 33.Qd3 Nc5 34.Qe2 Ne4 35.Nc6 Qb6 36.Ne5 d4
37.Qa2+ Kg7 38.Rb3 Qc7 39.Qb2 Re7 40.Rxd4 Kg8 41.Rc4 Qd6 42.Rd3 Rb8 43.Qa2 Qe6
44.g4 Rc7 45.Qb3 Rxc4 46.Qxb8+ Rc8 47.Rd8+ Rxd8 48.Qxd8+ Kg7 49.Qc7+ Kg8
50.Qxa5 Nf6 51.Qd8+ Kg7 52.Qc7+ Kg8 53.g5 Nd5 54.Qb8+ Kg7 55.Qb2 Kg8 56.Qd4 Kf8
57.h4 Kg8 58.Kh2 Kf8 59.Kg3 Kg8 60.Qc4 Kg7 61.Qd4 Kg8 62.Qa7 Nb6 63.Qb7 Qb3+
64.Kh2 Qe6 65.Qc7 Nd5 66.Qd8+ Kg7 67.Kg3 Nb6 68.Qc7+ Kg8 69.Qb8+ Kg7 70.Qb7+ Kg8
71.Kh2 Nc8 72.Nd7 Nd6 73.Qa8+ Ne8 74.Nf6+ Kf8 75.Kg2 h5 76.Qxe8+ Qxe8 77.Nxe8 Kxe8
78.Kf3 Kd7 79.Ke3 Kc6 80.Kd4 Kd6 81.Kc4 Kc6 82.Kd4 Kd6 83.f3 Ke6 84.Kc5 Ke7  1/2-1/2

[Event "Altensteig"]
[Site "Altensteig"]
[Date "1991.??.??"]
[Round "3"]
[White "Fauland, Alexander"]
[Black "Blatny, Pavel"]
[Result "1/2-1/2"]
[WhiteElo "2475"]
[BlackElo "2480"]

1.d4 Nf6 2.c4 e6 3.Nc3 d5 4.cxd5 exd5 5.Bg5 Nbd7 6.e3 h6 7.Bh4 Bb4 8.Qb3 c5
9.Bxf6 Nxf6 10.Bb5+ Bd7 11.Bxd7+ Qxd7 12.dxc5 a5 13.Ne2 O-O 14.O-O Bxc5 15.Rfd1 Rfd8
16.Nxd5 Nxd5 17.Nc3 Nxc3 18.Rxd7 Ne2+ 19.Kf1 Rxd7 20.Kxe2 Rad8 21.Rc1 Rd2+
22.Kf3 b6 23.Rc2 Rd1 24.a3 R8d6 25.Ke2 R1d5 26.Qc4 Rd8 27.Qe4 R5d7 28.Kf3 Rd1
29.Ke2 R1d7 30.g4 Rd5 31.h4 R5d7 32.Kf3 Rd1 33.Rc4 R1d2 34.b4 axb4 35.axb4 Bf8
36.Qb7 R2d6 37.g5 R8d7 38.Qe4 hxg5 39.hxg5 g6 40.Qe8 Rd8 41.Qb5 Be7 42.e4 Rd4
43.Rxd4 Rxd4 44.Qe8+ Bf8 45.b5 Rd6 46.e5 Re6 47.Qb8 Kg7 48.Ke4 Bc5 49.f4 Be7
50.Qc8 Bc5  1/2-1/2

[Event "Altensteig"]
[Site "Altensteig"]
[Date "1991.??.??"]
[Round "4"]
[White "Blatny, Pavel"]
[Black "Chernin, Alexander"]
[Result "1/2-1/2"]
[WhiteElo "2480"]
[BlackElo "2605"]

1.e4 d6 2.d4 Nf6 3.Nc3 g6 4.Nf3 Bg7 5.Be2 O-O 6.O-O Bg4 7.Be3 Nc6 8.d5 Bxf3
9.Bxf3 Ne5 10.Be2 c6 11.f4 Ned7 12.dxc6 bxc6 13.Rb1 Qc7 14.Qd3 Nb6 15.Kh1 Rfd8
16.Bg1 Rab8 17.Rbe1 Nfd7 18.Qh3 Nf8 19.Nd1 Qc8 20.Qa3 Qb7 21.Qf3 Nbd7 22.b3 Ne6
23.Bc4 Nc7 24.Ne3 e6 25.Be2 Nb5 26.Qh3 Nf6 27.f5 Re8 28.Ng4 Nxg4 29.Bxg4 Qe7
30.Re3 exf5 31.exf5 Qg5 32.Ref3 Re4 33.fxg6 hxg6 34.Bc8 Re7 35.Bd7 c5 36.Bxb5 Rxb5
37.Be3 Qh5 38.Qc8+ Bf8 39.g4 Qh4 40.Kg2 Reb7 41.Rh3 Qe7 42.Qc6 R7b6 43.Qf3 Qb7
44.c4 Ra5 45.Rf2 Raa6 46.Bg5 Bg7 47.Bd8 Qxf3+ 48.Rhxf3 Rb7 49.Re2 Rb8 50.Bg5 Be5
51.Bf6 Bxf6 52.Rxf6 Kg7 53.Rff2 Rb7 54.Kf3 d5 55.cxd5 Rd6 56.Rd2 Rbd7 57.Ke3 Rxd5
58.Rxd5 Rxd5 59.Rf4 Rd1 60.h4 Rh1 61.g5 Rh3+ 62.Ke4 Rh2  1/2-1/2

[Event "Altensteig"]
[Site "Altensteig"]
[Date "1991.??.??"]
[Round "6"]
[White "Schmittdiel, Eckhard"]
[Black "Blatny, Pavel"]
[Result "1-0"]
[WhiteElo "2490"]
[BlackElo "2480"]

1.e4 e5 2.Nf3 Nc6 3.Bb5 a6 4.Ba4 Nf6 5.O-O Be7 6.Bxc6 dxc6 7.d3 Nd7 8.Nbd2 f6
9.Nh4 g6 10.Nb3 Nc5 11.Nxc5 Bxc5 12.Be3 Be7 13.d4 exd4 14.Bxd4 O-O 15.Qd3 Be6
16.Qc3 Qd7 17.f4 Rad8 18.Rad1 Bg4 19.Nf3 Qe6 20.b3 Rd7 21.Rde1 Rfd8 22.f5 Qf7
23.fxg6 Qxg6 24.Nh4 Qh5 25.Bxf6 Qc5+ 26.Qxc5 Bxc5+ 27.Kh1 Re8 28.h3 Be6 29.Nf5 Bxf5
30.Rxf5 Bb4 31.Rg5+ Kf7 32.Rf1 Rxe4 33.Bd8+  1-0

[Event "Altensteig"]
[Site "Altensteig"]
[Date "1991.??.??"]
[Round "7"]
[White "Blatny, Pavel"]
[Black "Lutz, Christopher"]
[Result "1-0"]
[WhiteElo "2480"]
[BlackElo "2545"]

1.d4 Nf6 2.Nf3 g6 3.Nc3 d5 4.Bf4 Bg7 5.e3 c6 6.Be2 Bg4 7.Ne5 Bxe2 8.Qxe2 Nbd7
9.O-O-O Qa5 10.Nxd7 Nxd7 11.e4 dxe4 12.Qxe4 e6 13.h4 Nf6 14.Qe5 Qxe5 15.Bxe5 O-O
16.f3 Rfd8 17.g4 Nd5 18.Ne4 b5 19.g5 h5 20.gxh6 Bxh6+ 21.Kb1 Bg7 22.Rdg1 Bxe5
23.dxe5 Kf8 24.h5 gxh5 25.Rxh5 Ke7 26.Rhg5 Rh8 27.Nd6 Raf8 28.a4 bxa4 29.R5g4 Rh5
30.Rxa4 Rxe5 31.Nc4 Re2 32.Rxa7+ Kf6 33.Nd6 Ne3 34.Ne4+ Ke5 35.Ra4 Nd5 36.Rc4 f5
37.Nc5 Ra8 38.Nb3 Re3 39.Rxc6 Rxf3 40.Rxe6+ Kxe6 41.Nd4+ Ke5 42.Nxf3+ Ke4
43.Ng5+ Ke3 44.Rd1 Nf4 45.Rf1 Rg8 46.Nf7 Ne2 47.Nh6 Rc8 48.Nxf5+ Kd2 49.Rf2 Ke1
50.Rf3 Rc5 51.Ng3  1-0

[Event "AUT-chT"]
[Site "?"]
[Date "1991.??.??"]
[Round "?"]
[White "Blatny, Pavel"]
[Black "Plachetka, Jan"]
[Result "1/2-1/2"]
[WhiteElo "2510"]
[BlackElo "2425"]

1.e4 d6 2.d4 Nf6 3.Nc3 g6 4.Nf3 Bg7 5.Be2 O-O 6.O-O Bg4 7.Be3 Nc6 8.d5 Bxf3
9.Bxf3 Ne5 10.Be2 c6 11.f4 Ned7 12.dxc6 bxc6 13.Bf3 Rb8 14.Rb1 Nb6 15.Qd3 d5
16.exd5 cxd5 17.Bd4 e6 18.a4 Nfd7 19.Bxg7 Kxg7 20.a5 Nc4 21.b4 Nf6 22.g4 Kg8
23.Rfe1 Qd6 24.g5 Qxf4 25.gxf6 Ne5 26.Rxe5 Qxe5 27.Nb5 Rfc8 28.c3 Qxf6 29.Bg2 Rc4
30.Rf1 Qe5 31.Qf3 f5 32.Nd4 Rxd4 33.cxd4 Qxd4+ 34.Kh1 Rxb4 35.Qe2 Kf7 36.Re1 e5
37.Rd1 Rb2 38.Qf3 Qc5 39.Qh3 Kg7 40.Bxd5 Rd2 41.Qf3 Rxd1+ 42.Qxd1 Qxa5 43.Bc4 Qc7
44.Qd5 a5 45.h4 Qe7 46.Kg2 a4 47.Kh3 a3 48.h5 gxh5 49.Qg2+ Kh6 50.Qc6+ Kg5
51.Qg2+ Kh6 52.Qc6+ Kg7 53.Qg2+ Kh6 54.Qc6+  1/2-1/2

[Event "AUT-chT"]
[Site "?"]
[Date "1991.??.??"]
[Round "?"]
[White "Blatny, Pavel"]
[Black "Klinger, Josef"]
[Result "1-0"]
[WhiteElo "2495"]
[BlackElo "2470"]

1.d4 f5 2.g3 Nf6 3.Bg2 e6 4.Nf3 d5 5.Bf4 Be7 6.Nbd2 O-O 7.h4 c5 8.c3 Nc6
9.e3 b6 10.Ne5 Nxe5 11.dxe5 Ne4 12.Nb3 Bb7 13.f3 g5 14.hxg5 Nxg5 15.Bxg5 Bxg5
16.f4 Be7 17.g4 Qd7 18.gxf5 exf5 19.Qh5 Rf7 20.O-O-O Qe6 21.Rd2 Kh8 22.Qd1 Rg8
23.Bf3 Bc6 24.Bxd5 Bxd5 25.Rxd5 Rg3 26.Rd7 Rxe3 27.Rxa7 Re4 28.Qh5 Rxf4 29.Ra8+  1-0

[Event "AUT-chT"]
[Site "?"]
[Date "1991.??.??"]
[Round "?"]
[White "Horvath, Jozsef"]
[Black "Blatny, Pavel"]
[Result "1-0"]
[WhiteElo "2525"]
[BlackElo "2510"]

1.d4 d5 2.Nf3 e6 3.c4 Nd7 4.g3 dxc4 5.Qa4 c5 6.Bg2 a6 7.Qxc4 b5 8.Qc2 Bb7
9.O-O Rc8 10.dxc5 Bxc5 11.Qd3 Ngf6 12.Nc3 b4 13.Nd1 Qb6 14.Ne3 O-O 15.Nc4 Qd8
16.Ng5 Bxg2 17.Kxg2 Qc7 18.b3 e5 19.Bb2 Rfe8 20.e4 Nb6 21.Rac1 Nxc4 22.Rxc4 Qa7
23.Qc2 Rc6 24.Nf3 Nd7 25.Rd1 Nb6 26.Rxc5 Rce6 27.Nxe5 Qb8 28.Nc4 Nc8 29.Re5 Qb7
30.Rxe6 fxe6 31.Nd6 Nxd6 32.Rxd6 Qb8 33.Qd3  1-0

[Event "Bad Woerishofen op"]
[Site "Bad Woerishofen"]
[Date "1991.??.??"]
[Round "4"]
[White "Blatny, Pavel"]
[Black "Gorjatschkin, Wjatscheslaw"]
[Result "1-0"]
[WhiteElo "2495"]
[BlackElo "2495"]

1.d4 Nf6 2.Nf3 g6 3.Nc3 d5 4.Bf4 Bg7 5.e3 O-O 6.Be2 b6 7.Ne5 Bb7 8.h4 Nbd7
9.h5 Nxe5 10.Bxe5 Ne4 11.Bxg7 Kxg7 12.Bd3 Nxc3 13.bxc3 e5 14.dxe5 Qg5 15.Kd2 Qxe5
16.f4 Qe7 17.Qg4 Rae8 18.Qg3 c5 19.hxg6 hxg6 20.f5 Qe5 21.Qg5 Rh8 22.Rxh8 Rxh8
23.Rf1 Qd6 24.f6+ Kf8 25.Rf4 Bc6 26.Bxg6 fxg6 27.Qxg6 Rg8 28.Qh6+ Kf7 29.Qh7+ Kf8
30.g4 d4 31.cxd4 cxd4 32.Rxd4 Bd5 33.Qh5 a5 34.Rxd5 Qb4+ 35.Kd3  1-0

[Event "Biel op"]
[Site "Biel"]
[Date "1991.??.??"]
[Round "3"]
[White "Blatny, Pavel"]
[Black "Hoffmann, Michael"]
[Result "1-0"]
[WhiteElo "2480"]
[BlackElo "2465"]

1.d4 Nf6 2.Nf3 g6 3.Nc3 d5 4.Bf4 Bg7 5.e3 O-O 6.Be2 Bg4 7.Ne5 Bxe2 8.Qxe2 c5
9.dxc5 Nc6 10.Nxc6 bxc6 11.Be5 Nd7 12.Bxg7 Kxg7 13.Qa6 Qc7 14.Qa3 a5 15.Na4 Qb7
16.O-O-O Qb4 17.Qb3 e5 18.c3 Qg4 19.h3 Qxg2 20.Qb7 Nf6 21.Nb6 Rae8 22.Qxc6 Qxf2
23.Rd2 Qf3 24.Re1 Qxh3 25.Nxd5 Nxd5 26.Qxd5 h5 27.c6 Qe6 28.b4 h4 29.Qxe6 Rxe6
30.b5 e4 31.Rd5 h3 32.Rh1  1-0

[Event "Biel op"]
[Site "Biel"]
[Date "1991.??.??"]
[Round "6"]
[White "Dzevlan, Miralem"]
[Black "Blatny, Pavel"]
[Result "1-0"]
[WhiteElo "2425"]
[BlackElo "2480"]

1.d4 Nf6 2.c4 e6 3.Nc3 d5 4.cxd5 exd5 5.Bg5 Nbd7 6.e3 Be7 7.Bd3 b6 8.Qc2 Bb7
9.Nge2 O-O 10.g4 h6 11.Bxf6 Bxf6 12.O-O-O c5 13.Ng3 c4 14.Be2 a6 15.h4 Bxh4
16.Nf5 Bf6 17.g5 Bxg5 18.f4 Bf6 19.Rxh6 Re8 20.Rg1 g6 21.Rh3 Re6 22.Nh6+ Kf8
23.f5 Rxe3 24.Rxe3 Bg5 25.Ng4 Nf6 26.Nd1 Nxg4 27.Rxg4 Bc8 28.Rxg5 Qxg5 29.fxg6 Bf5
30.Qd2 Qxg6 31.Re5 Rd8 32.Nc3 b5 33.Nxd5 Qh7 34.Ne3 Bg6 35.Bd1 Qh4 36.Ng4 Kg7
37.d5 f5 38.Ne3 Rf8 39.d6 f4 40.Ng4 Bd3 41.Qc3  1-0

[Event "Biel op"]
[Site "Biel"]
[Date "1991.??.??"]
[Round "9"]
[White "Blatny, Pavel"]
[Black "Sutter, Oliver"]
[Result "1-0"]
[WhiteElo "2480"]
[BlackElo "2270"]

1.d4 Nf6 2.Nf3 e6 3.Bf4 c5 4.c3 Be7 5.e3 O-O 6.Bd3 b6 7.Qe2 Bb7 8.Nbd2 Qc8
9.h4 Ba6 10.Ng5 Bxd3 11.Qxd3 Qa6 12.Qc2 cxd4 13.exd4 d5 14.Ndf3 Nbd7 15.Ne5 Qb7
16.Nxd7 Qxd7 17.Be5 g6 18.h5 Nxh5 19.Nxh7 Rfc8 20.g4 Ng7 21.Nf6+ Bxf6 22.Bxf6 e5
23.Qd2 Nh5 24.Rxh5  1-0

[Event "Biel op"]
[Site "Biel"]
[Date "1991.??.??"]
[Round "10"]
[White "Kindermann, Stefan"]
[Black "Blatny, Pavel"]
[Result "0-1"]
[WhiteElo "2500"]
[BlackElo "2480"]

1.e4 e5 2.Nf3 Nc6 3.Bb5 a6 4.Ba4 Nf6 5.O-O Be7 6.Re1 b5 7.Bb3 O-O 8.c3 d5
9.exd5 Nxd5 10.Nxe5 Nxe5 11.Rxe5 c6 12.d4 Bd6 13.Re2 Bc7 14.Nd2 Qd6 15.Nf1 f5
16.a4 Kh8 17.Bd2 f4 18.f3 g5 19.axb5 g4 20.Re5 Qg6 21.Rxd5 gxf3 22.Qxf3 Bg4
23.Qf2 cxd5 24.Rxa6 Qf5 25.Rxa8 Rxa8 26.b6 Bd6 27.c4 Re8 28.h3 Bxh3 29.c5 Rg8
30.cxd6 Bxg2 31.Qxg2 Rxg2+ 32.Kxg2 Qe4+ 33.Kh2 Qe2+ 34.Kg1 f3 35.Ne3 Qxd2
36.d7 Qxe3+ 37.Kh2 Qf4+ 38.Kh3 Qf5+ 39.Kg3 Qxd7 40.Kf2 Qb5  0-1

[Event "Biel op"]
[Site "Biel"]
[Date "1991.??.??"]
[Round "11"]
[White "Blatny, Pavel"]
[Black "Gurevich, Dmitry"]
[Result "0-1"]
[WhiteElo "2480"]
[BlackElo "2470"]

1.d4 Nf6 2.Nf3 e6 3.Bf4 b6 4.e3 Bb7 5.Bd3 Be7 6.Nbd2 c5 7.c3 cxd4 8.exd4 O-O
9.h4 Ba6 10.Qe2 Bxd3 11.Qxd3 Qc8 12.Ng5 Qc6 13.O-O-O d6 14.Nde4 Nbd7 15.Rhe1 h6
16.Ng3 Qd5 17.Kb1 Rfc8 18.Nf3 Nf8 19.Nf1 b5 20.Ne3 Qe4 21.d5 Qxf4 22.Qxb5 Rab8
23.Qa5 Ne4 24.Ka1 Bf6 25.Qa4 Rxc3 26.Re2 Nd2  0-1

[Event "Brno Morava-B"]
[Site "Brno"]
[Date "1991.??.??"]
[Round "2"]
[White "Rasik, Vitezslav"]
[Black "Blatny, Pavel"]
[Result "0-1"]
[WhiteElo "2420"]
[BlackElo "2480"]

1.e4 e5 2.Nf3 Nc6 3.d4 exd4 4.Nxd4 Bc5 5.Be3 Qf6 6.c3 Nge7 7.g3 d6 8.Bg2 h5
9.Nc2 Bxe3 10.Nxe3 h4 11.Na3 Bd7 12.Nd5 Nxd5 13.exd5 Ne5 14.f4 hxg3 15.hxg3 Rxh1+
16.Bxh1 Qh6 17.Kd2 O-O-O 18.Bg2 Ng4 19.Qh1 Qg6 20.Qg1 Kb8 21.Re1 Nf6 22.Bf3 a6
23.Qg2 Rh8 24.Nc2 Rh3 25.Rg1 Qh7 26.Qe2 Bf5 27.Nd4 Be4 28.Bxe4 Nxe4+ 29.Kc1 Rh2
30.Qd3 f5 31.Nf3 Rf2 32.Re1 Qh5 33.Ng5 Qh2 34.Nxe4 fxe4 35.Qxe4 Rxb2  0-1

[Event "Brno Morava-B"]
[Site "Brno"]
[Date "1991.??.??"]
[Round "6"]
[White "Bagirov, Vladimir"]
[Black "Blatny, Pavel"]
[Result "1/2-1/2"]
[WhiteElo "2485"]
[BlackElo "2480"]

1.b3 e5 2.Bb2 d6 3.g3 g6 4.Bg2 Bg7 5.c4 Nc6 6.Nc3 Be6 7.d3 Qd7 8.Nf3 Bh3
9.Bxh3 Qxh3 10.Nd5 Qd7 11.h4 f5 12.e4 O-O-O 13.Qe2 Rf8 14.Nd2 Nh6 15.O-O-O Rf7
16.f3 Rhf8 17.Rdf1 Kb8 18.Kb1 Nd8 19.Nb4 Ne6 20.Nc2 Ng8 21.h5 Bh6 22.hxg6 hxg6
23.Bc1 Bg5 24.Rf2 Ne7 25.Rfh2 Nc6 26.Rh8 Ncd4 27.Nxd4 Nxd4 28.Qd1 b6 29.f4 exf4
30.Nf3 Nxf3 31.Qxf3 fxe4 32.Qxe4 Qf5 33.Qxf5 Rxf5 34.Rxf8+ Rxf8 35.Rf1 Kb7
36.gxf4 Kc6 37.a3 a6 38.Kc2 Bh6 39.Rg1 Rf6 40.Rg2 Kd7 41.Bb2  1/2-1/2

[Event "Brno Morava-B"]
[Site "Brno"]
[Date "1991.??.??"]
[Round "7"]
[White "Blatny, Pavel"]
[Black "Stangl, Markus"]
[Result "0-1"]
[WhiteElo "2480"]
[BlackElo "2490"]

1.e4 c5 2.c3 d5 3.e5 Nc6 4.f4 Bf5 5.d3 e6 6.Be2 h5 7.Nf3 Be7 8.O-O Nh6 9.a3 Bg4
10.b4 Nf5 11.bxc5 Bxc5+ 12.d4 Bxf3 13.Rxf3 Ncxd4 14.cxd4 Bxd4+ 15.Kh1 Bxa1
16.Rh3 Qb6 17.Rb3 Qd4 18.Bd2 h4 19.Rh3 Rh6 20.a4 a6 21.Na3 Bb2 22.Nc2 Qxa4
23.Qb1 Rc8 24.Bd3 Nd4 25.f5 Rxc2 26.Bxc2 Qxc2 27.Qxc2 Nxc2 28.Bxh6 gxh6 29.fxe6 Bxe5  0-1

[Event "Brno Morava-B"]
[Site "Brno"]
[Date "1991.??.??"]
[Round "10"]
[White "Mikhalchishin, Adrian"]
[Black "Blatny, Pavel"]
[Result "1/2-1/2"]
[WhiteElo "2520"]
[BlackElo "2480"]

1.Nf3 d5 2.d4 e6 3.c4 Nd7 4.Bg5 Be7 5.Bxe7 Nxe7 6.Nc3 dxc4 7.e4 a6 8.a4 b6
9.Bxc4 Bb7 10.O-O Ng6 11.Qe2 O-O 12.Rad1 Qf6 13.Rfe1 Rfd8 14.g3 c5 15.Qe3 cxd4
16.Nxd4 Nge5 17.Be2 Rac8 18.Rd2  1/2-1/2

[Event "Budapest"]
[Site "Budapest"]
[Date "1991.??.??"]
[Round "1"]
[White "Afek, Yochanan"]
[Black "Blatny, Pavel"]
[Result "0-1"]
[WhiteElo "2325"]
[BlackElo "2495"]

1.e4 c5 2.Nf3 Nc6 3.c3 d5 4.exd5 Qxd5 5.d4 Nf6 6.Be2 cxd4 7.cxd4 e6 8.Nc3 Qd6
9.O-O Be7 10.Bg5 O-O 11.Rc1 Rd8 12.Nb5 Qb8 13.Bh4 Bd6 14.Nxd6 Qxd6 15.Qb3 Bd7
16.Rfd1 Qb4 17.Qxb4 Nxb4 18.Ne5 Ba4 19.b3 Nxa2 20.Rc7 Bxb3 21.Rd3 Rdc8 22.Rxf7 Rc1+
23.Bf1 Bc4 24.Rxg7+ Kxg7 25.Rg3+ Kf8 26.Nxc4 Nc3 27.Re3 Ng4 28.Rxe6 Re8  0-1

[Event "Budapest"]
[Site "Budapest"]
[Date "1991.??.??"]
[Round "2"]
[White "Blatny, Pavel"]
[Black "Somlai, Laszlo"]
[Result "1-0"]
[WhiteElo "2495"]
[BlackElo "2385"]

1.d4 d5 2.Nf3 Nf6 3.Bf4 c5 4.c3 cxd4 5.cxd4 Nc6 6.Nc3 e6 7.e3 Nh5 8.Bg5 Qb6
9.Nd2 Nf6 10.Rc1 Bd7 11.a3 Rc8 12.Na4 Qa5 13.b4 Nxb4 14.Rxc8+ Bxc8 15.Bxf6 gxf6
16.axb4 Bxb4 17.Nb2 Bd7 18.Nd3 Bc3 19.Nc5 b6 20.Nxd7 Kxd7 21.Bd3 e5 22.dxe5 fxe5
23.Ke2 Ke7 24.e4 Rd8 25.exd5 Qxd5 26.Ne4 Ba5 27.g4 Qe6 28.h3 Rd4 29.Qc2 f5
30.gxf5 Qxf5 31.Ng3  1-0

[Event "Budapest"]
[Site "Budapest"]
[Date "1991.??.??"]
[Round "4"]
[White "Blatny, Pavel"]
[Black "Dobos, Jozsef"]
[Result "1/2-1/2"]
[WhiteElo "2495"]
[BlackElo "2385"]

1.d4 Nf6 2.Nf3 g6 3.Nc3 d5 4.Bf4 c6 5.e3 Bg7 6.Be2 Qb6 7.Na4 Qa5+ 8.c3 Qd8
9.Nc5 b6 10.Nd3 O-O 11.h4 h6 12.Nfe5 Nfd7 13.Ng4 Kh7 14.Qc2 f5 15.Nh2 c5
16.Nf3 c4 17.Nde5 Nxe5 18.Bxe5 Nc6 19.O-O-O b5 20.Bxg7 Kxg7 21.Ne5 Qc7 22.f4 Nxe5
23.dxe5 Qc5 24.Rh3 h5 25.Rg3 Rh8 26.Rd4 e6 27.Qd1 Kf7 28.Bf3 Rb8 29.Be2 Rb7
30.Qd2 a5 31.Rg5 b4 32.e4 fxe4 33.f5 gxf5 34.Bxh5+ Kf8 35.g4 bxc3 36.Qxc3 Rg7
37.Qe3 Rxg5 38.Qxg5 Rxh5 39.gxh5 Qxd4 40.Qd8+ Kf7 41.Qc7+ Kg8 42.Qd8+  1/2-1/2

[Event "Budapest"]
[Site "Budapest"]
[Date "1991.??.??"]
[Round "5"]
[White "Varga, Zoltan"]
[Black "Blatny, Pavel"]
[Result "1/2-1/2"]
[WhiteElo "2370"]
[BlackElo "2495"]

1.e4 e5 2.Nf3 Nc6 3.Bb5 a6 4.Ba4 Nf6 5.O-O Be7 6.Re1 b5 7.Bb3 O-O 8.a4 Bb7
9.d3 d6 10.Nc3 Na5 11.axb5 Nxb3 12.cxb3 axb5 13.Rxa8 Qxa8 14.Nxb5 Rb8 15.Nc3 c5
16.Bg5 Bc8 17.Nd2 Be6 18.Qc2 h6 19.Bxf6 Bxf6 20.Nc4 Be7 21.Nb1 Rb4 22.Nbd2 Qb8
23.Ra1 Bg5 24.g3 Kh7 25.h4 Bxd2 26.Nxd2 Bxb3 27.Nxb3 Rxb3 28.Qc4 Kg6 29.Ra6 Rb6
30.Rxb6 Qxb6 31.Qd5 Kf6 32.b3 Ke7 33.Kf1 Qb4 34.Ke2 g6 35.Qc4 Qa3 36.Qd5 Qb2+
37.Kf3 Qd4 38.Qb7+ Kf6 39.Ke2 Kg7 40.Qb5 Qb2+ 41.Ke3 Qc1+ 42.Ke2 Qc2+ 43.Ke3 Qb2
44.Qb7 Qa1 45.Ke2 Qb1 46.Qb5 g5 47.hxg5 hxg5 48.Qd7 Qxb3 49.Qxd6 Qc3 50.Qe7 Kg6
51.Qd6+ Kg7 52.Qe7  1/2-1/2